000 00901nam a22001937a 4500
005 20210325185333.0
008 s2527 th tha d
020 _a9747999668
041 _atha
090 _aอ AB450.P4 ค122ผ 2527
245 1 0 _aผลงานวิจัยด้านการบริหารงานบุคคลในราชการพลเรือน (พ.ศ. 2523-2526)
260 3 _aกรุงเทพฯ :
_bสำนักงานคณะกรรมการข้าราชการพลเรือน สำนักนายกรัฐมนตรี,
_c2527
300 _a90 หน้า ;
_b 26 ซม.
650 0 4 _aการบริหารงานบุคคล -- วิจัย -- สาระสังเขป
850 _aNALT
942 _cREF
997 _c000000000022703
998 _aBENJALUCK SUTTHIWILAI
999 _c22703
_d22703